Obra doctrinaria y práctica del gobierno ecuatoriano

Detalles Bibliográficos
Autor Principal: Velasco Ibarra, José María. 1893-1979
Formato: Libro
Idioma:Spanish
Subjects:

MARC

LEADER 00000cam a2200000 a 4500
001 21877
005 20230308165939.0
008 000000|1956 ||||||||r|||||||||||spa||
040 |b spa 
041 1 |a spa 
082 0 |a 320.86 
100 1 |a Velasco Ibarra, José María.   |d 1893-1979  |9 12321 
245 |a Obra doctrinaria y práctica del gobierno ecuatoriano  |c José María Velasco Ibarra  |h imp 
264 |a Quito  |b Talleres Gráficos Nacionales  |c 1956 
300 |a 558 páginas:  |c 21.5 cm 
650 4 |a Política  |9 95 
650 |a Poder ejecutivo  |9 11658 
650 |a Ecuador  |9 235073 
650 |a Democracia  |9 267 
852 |a UC-CDJBV  |c ESTANTERIA CERRADA  |f Compra  |k sara.alvarado  |l 1  |m General  |p 00000000  |q 25.00  |r 2  |t 21877  |b 0  |d CDRC  |e CDRC  |g 320.86 ESTANTERIA CERRADA  |z 0000-00-00 
942 |c BK 
999 |c 30572  |d 30572